[Event "119th Scottish Championship"]
[Site "Glasgow"]
[Date "2012.07.11"]
[Round "5"]
[White "Doyle, James"]
[Black "Roy, Ali"]
[Result "1-0"]
[WhiteElo "2020"]
[BlackElo "1822"]
[PlyCount "83"]
[EventDate "2012.07.07"]
[EventType "swiss"]
[EventRounds "9"]
[EventCountry "SCO"]
[Source "Chess Scotland"]
[SourceDate "2012.07.24"]

1. d4 d5 2. Nf3 Nf6 3. c3 e6 4. Bg5 c5 5. e3 Nc6 6. Nbd2 cxd4 7. exd4 Be7 8.
Bd3 O-O 9. Qe2 b6 10. Nf1 Bb7 11. Ng3 Qc7 12. h4 Rfe8 13. O-O-O a5 14. Kb1 a4
15. Bxf6 Bxf6 16. Ng5 g6 17. Nxh7 Qf4 18. Nxf6+ Qxf6 19. h5 Ne7 20. hxg6 Nxg6
21. Nh5 Qg5 22. f4 Qe7 23. Qg4 Kf8 24. Bxg6 fxg6 25. Qxg6 Qf7 26. Qg5 Qf5+ 27.
Qxf5+ exf5 28. Rde1 Re4 29. Nf6 Rxe1+ 30. Rxe1 Kf7 31. Nd7 b5 32. Nc5 Bc8 33.
Re5 Rb8 34. Rxd5 Be6 35. Re5 Bc8 36. d5 Rb6 37. Ne6 Rd6 38. Rxf5+ Kg6 39. g4
Bxe6 40. dxe6 Rxe6 41. Rxb5 Re4 42. Rb4 1-0

[Event "119th Scottish Championship"]
[Site "Glasgow"]
[Date "2012.07.11"]
[Round "5"]
[White "Emery, Keith"]
[Black "Sigurdarson, Emil"]
[Result "1/2-1/2"]
[WhiteElo "1955"]
[BlackElo "1808"]
[PlyCount "57"]
[EventDate "2012.07.07"]
[EventType "swiss"]
[EventRounds "9"]
[EventCountry "SCO"]
[Source "Chess Scotland"]
[SourceDate "2012.07.24"]

1. e4 c6 2. Nf3 d5 3. exd5 cxd5 4. d4 Nc6 5. h3 Nf6 6. c3 Bf5 7. Bd3 Bxd3 8.
Qxd3 e6 9. Qb5 Qd7 10. Bf4 Be7 11. O-O O-O 12. Nbd2 a6 13. Qd3 h6 14. Ne5 Nxe5
15. Bxe5 Nh7 16. Qg3 Bf6 17. Bxf6 Nxf6 18. Qe5 Rfc8 19. f4 Qc7 20. Qxc7 Rxc7
21. f5 Re8 22. fxe6 Rxe6 23. Rae1 Rce7 24. Nf3 Ne4 25. Ne5 Nd2 26. Rf2 Nc4 27.
Rfe2 Nxe5 28. Rxe5 Rxe5 29. Rxe5 1/2-1/2

[Event "119th Scottish Championship"]
[Site "Glasgow"]
[Date "2012.07.11"]
[Round "5"]
[White "McLatchie, J."]
[Black "McCusker, Andrew"]
[Result "0-1"]
[WhiteElo "1875"]
[BlackElo "1217"]
[PlyCount "100"]
[EventDate "2012.07.07"]
[EventType "swiss"]
[EventRounds "9"]
[EventCountry "SCO"]
[Source "Chess Scotland"]
[SourceDate "2012.07.24"]

1. e4 c6 2. d4 d5 3. exd5 cxd5 4. Nf3 Bf5 5. Bb5+ Nc6 6. O-O e6 7. Nc3 Bd6 8.
Re1 Nge7 9. Bg5 O-O 10. Qd2 h6 11. Bh4 Qc7 12. Bg3 Bxg3 13. hxg3 Nb4 14. Ba4 a6
15. Ne5 b5 16. Bb3 Nec6 17. Nxc6 Nxc6 18. a4 b4 19. Ne2 Na5 20. Nc1 Nxb3 21.
cxb3 a5 22. Nd3 Bxd3 23. Qxd3 Rfc8 24. Rad1 Qc2 25. Qxc2 Rxc2 26. Rd3 Rac8 27.
Rb1 Rc1+ 28. Rxc1 Rxc1+ 29. Kh2 Rc2 30. f3 Rxb2 31. Kh3 Rc2 32. Rd1 Rc3 33. Rb1
Rd3 34. Rc1 Rxb3 35. Rc8+ Kh7 36. Ra8 Rd3 37. Rxa5 Rxd4 38. Rb5 b3 39. Rxb3
Rxa4 40. g4 Kg6 41. Kg3 h5 42. gxh5+ Kxh5 43. Rb7 Kg6 44. Rb3 f5 45. Re3 Kf6
46. Kf2 d4 47. Rd3 e5 48. Rd2 e4 49. fxe4 fxe4 50. Ke2 Ke5 0-1

[Event "119th Scottish Championship"]
[Site "Glasgow"]
[Date "2012.07.11"]
[Round "5"]
[White "Floros, Antonios"]
[Black "Sigurdsson, Birkir Karl"]
[Result "1/2-1/2"]
[WhiteElo "1780"]
[BlackElo "1709"]
[PlyCount "34"]
[EventDate "2012.07.07"]
[EventType "swiss"]
[EventRounds "9"]
[EventCountry "SCO"]
[Source "Chess Scotland"]
[SourceDate "2012.07.24"]

1. e4 e6 2. d4 d5 3. Nd2 Nf6 4. e5 Nfd7 5. Bd3 c5 6. c3 Nc6 7. Ne2 Be7 8. Nf3
O-O 9. O-O f6 10. Nf4 Nb6 11. exf6 Rxf6 12. dxc5 Bxc5 13. Nh5 Rf8 14. Bxh7+
Kxh7 15. Qd3+ Kg8 16. Ng5 Rf5 17. h4 Be7 1/2-1/2

[Event "119th Scottish Championship"]
[Site "Glasgow"]
[Date "2012.07.11"]
[Round "5"]
[White "Thomas, Daniel"]
[Black "Burnett, Walter"]
[Result "1-0"]
[WhiteElo "1793"]
[BlackElo "2015"]
[PlyCount "80"]
[EventDate "2012.07.07"]
[EventType "swiss"]
[EventRounds "9"]
[EventCountry "SCO"]
[Source "Chess Scotland"]
[SourceDate "2012.07.24"]

1. d4 g6 2. c4 Bg7 3. e4 c5 4. d5 Qb6 5. Nc3 d6 6. Be2 h5 7. f4 Nd7 8. Nf3
Bxc3+ 9. bxc3 Ngf6 10. Qc2 a5 11. h3 a4 12. O-O Qc7 13. Bd3 b5 14. cxb5 c4 15.
Be2 Qc5+ 16. Nd4 Nb6 17. Kh1 Bd7 18. Rb1 Ra5 19. Nc6 Ra8 20. Bf3 Nbxd5 21. exd5
Nxd5 22. Bxd5 Qxd5 23. Rd1 Qe6 24. Nd4 Qf6 25. Qe4 O-O 26. Bd2 Rfe8 27. Rf1 Qh4
28. Qb7 Bg4 29. Be1 Qf6 30. hxg4 hxg4 31. Bg3 Kg7 32. Qd5 Rh8+ 33. Kg1 Rae8 34.
Qg5 Qxg5 35. fxg5 e5 36. Nc6 Rh5 37. b6 e4 38. b7 Reh8 39. b8=Q R8h7 40. Be5+
dxe5 1-0

[Event "119th Scottish Championship"]
[Site "Glasgow"]
[Date "2012.07.11"]
[Round "5"]
[White "Hawkins, Jonathan"]
[Black "Bannink, Bernard"]
[Result "1-0"]
[WhiteElo "2499"]
[BlackElo "2258"]
[PlyCount "77"]
[EventDate "2012.07.07"]
[EventType "swiss"]
[EventRounds "9"]
[EventCountry "SCO"]
[Source "Chess Scotland"]
[SourceDate "2012.07.24"]

1. d4 d5 2. c4 c6 3. Nf3 Nf6 4. Nc3 dxc4 5. a4 Bf5 6. Ne5 Nbd7 7. Nxc4 Nb6 8.
Ne5 a5 9. g3 e6 10. Bg2 Bb4 11. O-O h6 12. e3 O-O 13. Qe2 Nfd7 14. Nxd7 Nxd7
15. e4 Bg6 16. Rd1 Qe7 17. Be3 Nf6 18. f3 e5 19. dxe5 Qxe5 20. Qc4 Rfe8 21. Ne2
Nd5 22. Bd4 Qe6 23. Bf1 Nc7 24. Nf4 Qxc4 25. Bxc4 b5 26. Bb3 c5 27. Bf2 bxa4
28. Bxa4 Re7 29. Rac1 Ne6 30. Nxg6 fxg6 31. Bb3 a4 32. Bd5 Raa7 33. Rxc5 Bxc5
34. Bxc5 Kf7 35. Bxa7 Rxa7 36. f4 Ke7 37. Kf2 Nc5 38. Ke3 a3 39. Ra1 1-0

[Event "119th Scottish Championship"]
[Site "Glasgow"]
[Date "2012.07.11"]
[Round "5"]
[White "McNab, Colin Anderson"]
[Black "Bryson, Douglas M"]
[Result "1-0"]
[WhiteElo "2445"]
[BlackElo "2350"]
[PlyCount "87"]
[EventDate "2012.07.07"]
[EventType "swiss"]
[EventRounds "9"]
[EventCountry "SCO"]
[Source "Chess Scotland"]
[SourceDate "2012.07.24"]

1. c4 e6 2. Nf3 d5 3. b3 Nf6 4. g3 Be7 5. Bg2 O-O 6. O-O c5 7. e3 Nc6 8. Bb2 d4
9. exd4 cxd4 10. Re1 Ne8 11. Ne5 Nxe5 12. Rxe5 f6 13. Re1 e5 14. Ba3 Bxa3 15.
Nxa3 Nc7 16. Rc1 Kh8 17. c5 Nd5 18. Qe2 Rb8 19. Nb5 Nb4 20. Qc4 Nc6 21. Nd6 Qc7
22. b4 a6 23. a3 Nd8 24. f4 Be6 25. Qe2 Nc6 26. Qf3 Bd7 27. Qd5 Be8 28. fxe5
Nxe5 29. Qxd4 Bc6 30. Re3 Rbd8 31. Bxc6 Qxc6 32. Rxe5 fxe5 33. Nf7+ Kg8 34.
Nxd8 exd4 35. Nxc6 bxc6 36. Kg2 Re8 37. Kf3 Kf7 38. Rc4 Rd8 39. Ke4 Re8+ 40.
Kd3 Re1 41. Rxd4 Ra1 42. Rd6 Rxa3+ 43. Kc4 a5 44. bxa5 1-0

[Event "119th Scottish Championship"]
[Site "Glasgow"]
[Date "2012.07.11"]
[Round "5"]
[White "Greet, Andrew"]
[Black "Brunello, Marina"]
[Result "1-0"]
[WhiteElo "2440"]
[BlackElo "2240"]
[PlyCount "79"]
[EventDate "2012.07.07"]
[EventType "swiss"]
[EventRounds "9"]
[EventCountry "SCO"]
[Source "Chess Scotland"]
[SourceDate "2012.07.24"]

1. d4 d5 2. c4 c6 3. Nf3 Nf6 4. e3 Bf5 5. Nc3 e6 6. Nh4 Be4 7. f3 Bg6 8. Qb3
Qb6 9. Nxg6 hxg6 10. Bd2 Nbd7 11. O-O-O Qxb3 12. axb3 Bd6 13. h3 Nh5 14. Bd3
Ng3 15. Rhe1 O-O-O 16. e4 dxe4 17. fxe4 e5 18. d5 f5 19. Be3 f4 20. Bxa7 c5 21.
b4 b6 22. Nb5 Be7 23. d6 Bg5 24. Kc2 cxb4 25. Bxb6 Nxb6 26. Ra1 f3 27. gxf3 b3+
28. Kc3 Rxh3 29. c5 Rh2 30. cxb6 Kb7 31. Kxb3 Kxb6 32. Nc3 Kc5 33. Red1 Bd2 34.
Ra5+ Kd4 35. Rd5+ Ke3 36. Bb5 Bxc3 37. bxc3 Kxf3 38. Rxe5 Kf4 39. Re7 Nxe4 40.
Rd4 1-0

[Event "119th Scottish Championship"]
[Site "Glasgow"]
[Date "2012.07.11"]
[Round "5"]
[White "Teterev, Vitaly"]
[Black "Grant, Alan G"]
[Result "1-0"]
[WhiteElo "2530"]
[BlackElo "2155"]
[PlyCount "93"]
[EventDate "2012.07.07"]
[EventType "swiss"]
[EventRounds "9"]
[EventCountry "SCO"]
[Source "Chess Scotland"]
[SourceDate "2012.07.24"]

1. Nf3 c5 2. e4 e6 3. d3 Nc6 4. g3 g6 5. Bg2 Bg7 6. O-O Nge7 7. c3 O-O 8. d4 d5
9. exd5 Nxd5 10. dxc5 Qa5 11. Nbd2 Qxc5 12. Ne4 Qb6 13. Qe2 e5 14. Rd1 Nde7 15.
Be3 Qc7 16. Nd6 a6 17. Bc5 Nd8 18. Qe3 Bg4 19. Bb6 Qb8 20. Qe4 Bf5 21. Nxf5
gxf5 22. Qh4 Ndc6 23. Rd7 e4 24. Ng5 h6 25. Nh3 Ng6 26. Qh5 Nce5 27. Rc7 Rc8
28. Rxc8+ Qxc8 29. Qe2 Qc6 30. Be3 Rd8 31. Nf4 Nxf4 32. Bxf4 Qd5 33. Qh5 Ng4
34. h3 Nf6 35. Qe2 Qd3 36. Bf1 Qd5 37. c4 Qe6 38. Rc1 Nd7 39. Rd1 Be5 40. Bxe5
Qxe5 41. Rd5 Qe6 42. Qd2 Kh7 43. Be2 f6 44. Rd6 Qe7 45. c5 Kg6 46. b4 e3 47.
fxe3 1-0

[Event "119th Scottish Championship"]
[Site "Glasgow"]
[Date "2012.07.11"]
[Round "5"]
[White "Spencer, Edwin A"]
[Black "Arakhamia Grant, Ketevan"]
[Result "0-1"]
[WhiteElo "2145"]
[BlackElo "2416"]
[PlyCount "65"]
[EventDate "2012.07.07"]
[EventType "swiss"]
[EventRounds "9"]
[EventCountry "SCO"]
[Source "Chess Scotland"]
[SourceDate "2012.07.24"]

1. e4 d5 2. exd5 Qxd5 3. Nc3 Qd6 4. d4 Nf6 5. Bg5 a6 6. Qd2 Bf5 7. Bf4 Qd8 8.
O-O-O e6 9. d5 exd5 10. Nxd5 Nxd5 11. Qxd5 Qxd5 12. Rxd5 Be6 13. Rd3 Nc6 14. a3
Bc5 15. Bxc7 Bxf2 16. Nh3 Ba7 17. Ng5 Bf5 18. Rf3 Nd4 19. Rc3 O-O 20. Bc4 b5
21. Bd5 Ne2+ 22. Kd2 Nxc3 23. Bxa8 Rxa8 24. bxc3 Bc5 25. Kd1 Re8 26. Nf3 Re4
27. Ba5 f6 28. Nd4 Bxd4 29. cxd4 Rxd4+ 30. Ke2 Ra4 31. Bb4 a5 32. Bd2 Bxc2 33.
Rc1 0-1

[Event "119th Scottish Championship"]
[Site "Glasgow"]
[Date "2012.07.11"]
[Round "5"]
[White "Magee, Ronan"]
[Black "Bejtovic, Jasmin"]
[Result "0-1"]
[WhiteElo "1965"]
[BlackElo "2385"]
[PlyCount "126"]
[EventDate "2012.07.07"]
[EventType "swiss"]
[EventRounds "9"]
[EventCountry "SCO"]
[Source "Chess Scotland"]
[SourceDate "2012.07.24"]

1. e4 c5 2. Nf3 e6 3. c3 d5 4. exd5 exd5 5. d4 Nc6 6. Be2 Nf6 7. O-O Bd6 8. Be3
cxd4 9. cxd4 O-O 10. Nc3 h6 11. h3 Re8 12. Rc1 Bf5 13. a3 Rc8 14. b4 Bb8 15.
Re1 Qd6 16. Nb5 Qd7 17. Nc3 Ne4 18. Na4 Qd6 19. Nc5 Re7 20. Nd3 g5 21. Nde5 f6
22. Ng4 Kg7 23. Ngh2 Rce8 24. Nf1 Bg6 25. b5 Nd8 26. Qb3 Ne6 27. Bd3 h5 28.
Bxe4 dxe4 29. N3d2 Nxd4 30. Qc4 Rd8 31. Rcd1 Rc7 32. Qa4 Nc2 33. Nc4 Qe6 34.
Rxd8 Rxc4 35. Qb3 Bc7 36. Rdd1 Nxe1 37. Rc1 Bf7 38. Rxe1 Ba5 39. Rd1 Rc3 40.
Qa4 b6 41. Nd2 Rd3 42. Nf1 Qc4 43. Qxc4 Bxc4 44. Rc1 Bxb5 45. Ng3 Rc3 46. Ra1
Bd3 47. Nxh5+ Kg6 48. Ng3 Rc2 49. Bd4 f5 50. Nf1 f4 51. g3 Rc4 52. Be5 Kf5 53.
gxf4 gxf4 54. Bb8 Rc8 55. Bd6 Bc3 56. Rc1 Rc4 57. Nh2 Bd2 58. Rxc4 Bxc4 59. Bb8
a5 60. Ba7 b5 61. Ng4 b4 62. axb4 axb4 63. Bd4 Bc3 0-1

[Event "119th Scottish Championship"]
[Site "Glasgow"]
[Date "2012.07.11"]
[Round "5"]
[White "De Verdier, Michael"]
[Black "Sreeves, Clement"]
[Result "1-0"]
[WhiteElo "2352"]
[BlackElo "2175"]
[PlyCount "75"]
[EventDate "2012.07.07"]
[EventType "swiss"]
[EventRounds "9"]
[EventCountry "SCO"]
[Source "Chess Scotland"]
[SourceDate "2012.07.24"]

1. c4 Nf6 2. g3 g6 3. Bg2 Bg7 4. Nf3 O-O 5. O-O d6 6. Nc3 Nc6 7. d3 e5 8. Rb1
a5 9. a3 Nd4 10. Be3 Ng4 11. Bd2 f5 12. e3 Ne6 13. b4 axb4 14. axb4 f4 15. b5
g5 16. Ne1 Nc5 17. Nd5 Ra2 18. Nb4 Ra8 19. Nd5 Bd7 20. exf4 exf4 21. gxf4 gxf4
22. Bxf4 c6 23. bxc6 bxc6 24. d4 Na4 25. Bxd6 cxd5 26. Bxd5+ Kh8 27. Bxf8 Qxf8
28. Bxa8 Qxa8 29. Qf3 Qg8 30. Qg3 Bf8 31. Rb8 Nf6 32. Qxg8+ Kxg8 33. Nf3 Kg7
34. Ne5 Bh3 35. Ra1 Nc3 36. f3 Bd6 37. Ra7+ Kh6 38. Nf7+ 1-0

[Event "119th Scottish Championship"]
[Site "Glasgow"]
[Date "2012.07.11"]
[Round "5"]
[White "Tate, Alan"]
[Black "Green, Andrew"]
[Result "1-0"]
[WhiteElo "2346"]
[BlackElo "2144"]
[PlyCount "59"]
[EventDate "2012.07.07"]
[EventType "swiss"]
[EventRounds "9"]
[EventCountry "SCO"]
[Source "Chess Scotland"]
[SourceDate "2012.07.24"]

1. Nf3 c5 2. c4 g6 3. d4 cxd4 4. Nxd4 Nc6 5. e4 Nf6 6. Nc3 Nxd4 7. Qxd4 d6 8.
f3 Bg7 9. Be3 O-O 10. Qd2 a5 11. b3 Nd7 12. Be2 a4 13. b4 Nb6 14. Rc1 a3 15.
O-O Na4 16. Nb5 f5 17. exf5 gxf5 18. f4 Be6 19. Bf3 Qd7 20. Rfe1 Bxc4 21. Rxc4
Qxb5 22. Rc7 Kh8 23. Rxe7 Rae8 24. Bd4 Rxe7 25. Rxe7 Bf6 26. Bd1 Kg8 27. Bb3+
Kh8 28. Bxa4 Qxa4 29. Bxf6+ Rxf6 30. Qd4 1-0

[Event "119th Scottish Championship"]
[Site "Glasgow"]
[Date "2012.07.11"]
[Round "5"]
[White "Aagaard, Jacob"]
[Black "Hera, Imre Jr"]
[Result "1/2-1/2"]
[WhiteElo "2506"]
[BlackElo "2568"]
[PlyCount "63"]
[EventDate "2012.07.07"]
[EventType "swiss"]
[EventRounds "9"]
[EventCountry "SCO"]
[Source "Chess Scotland"]
[SourceDate "2012.07.24"]

1. d4 Nf6 2. c4 e6 3. Nc3 Bb4 4. e3 O-O 5. Nge2 c6 6. a3 Ba5 7. Ng3 d5 8. Be2
c5 9. dxc5 Bxc3+ 10. bxc3 Nbd7 11. cxd5 Nxd5 12. Qd4 Qa5 13. Bd2 Qxc5 14. c4
N5f6 15. Bb4 Qxd4 16. exd4 Rd8 17. a4 Nb8 18. Bc3 Nc6 19. O-O-O b6 20. Bf3 Bb7
21. d5 Na5 22. Bxa5 bxa5 23. dxe6 Bxf3 24. exf7+ Kxf7 25. gxf3 Rxd1+ 26. Rxd1
Rb8 27. Kc2 Rb4 28. Kc3 Rxa4 29. Kb3 Rb4+ 30. Kc3 Ra4 31. Kb3 Rb4+ 32. Kc3
1/2-1/2

[Event "119th Scottish Championship"]
[Site "Glasgow"]
[Date "2012.07.11"]
[Round "5"]
[White "Barnaure, Vlad Victor"]
[Black "Das, Arghyadip"]
[Result "1/2-1/2"]
[WhiteElo "2511"]
[BlackElo "2485"]
[PlyCount "75"]
[EventDate "2012.07.07"]
[EventType "swiss"]
[EventRounds "9"]
[EventCountry "SCO"]
[Source "Chess Scotland"]
[SourceDate "2012.07.24"]

1. Nf3 Nf6 2. c4 g6 3. Nc3 Bg7 4. e4 d6 5. d4 O-O 6. Be2 e5 7. O-O Nbd7 8. Re1
Re8 9. Bf1 c6 10. d5 cxd5 11. cxd5 a6 12. a4 Rf8 13. Nd2 Bh6 14. a5 b5 15. axb6
Nxb6 16. Nb3 Bxc1 17. Qxc1 Nfd7 18. Na5 f5 19. exf5 gxf5 20. f4 e4 21. Re3 Nf6
22. Qd2 h6 23. Qd4 Kh7 24. Be2 Qc7 25. b4 Bd7 26. Rd1 Qa7 27. g4 fxg4 28. Nxe4
Nfxd5 29. Bd3 Bf5 30. Nxd6 Nxe3 31. Qxe3 Bxd3 32. Qxd3+ Kg8 33. Nc6 Qg7 34. Re1
Nc8 35. Nxc8 Raxc8 36. Ne7+ Kh8 37. Ng6+ Kg8 38. Ne7+ 1/2-1/2

[Event "119th Scottish Championship"]
[Site "Glasgow"]
[Date "2012.07.12"]
[Round "6"]
[White "Vincenti, David"]
[Black "Cooksey, Paul S"]
[Result "1/2-1/2"]
[WhiteElo "2091"]
[BlackElo "2298"]
[PlyCount "67"]
[EventDate "2012.07.07"]
[EventType "swiss"]
[EventRounds "9"]
[EventCountry "SCO"]
[Source "Chess Scotland"]
[SourceDate "2012.07.24"]

1. d4 Nf6 2. c4 e6 3. Nc3 Bb4 4. Qc2 c5 5. dxc5 Bxc5 6. e3 b6 7. Nf3 Bb7 8. b3
a6 9. Bb2 Qc7 10. Be2 O-O 11. O-O Ng4 12. h3 Bxf3 13. hxg4 Bxe2 14. Qxe2 Nc6
15. Ne4 Be7 16. g5 e5 17. f4 Rfe8 18. fxe5 Nxe5 19. Qh5 Bc5 20. Nxc5 bxc5 21.
Bxe5 Qxe5 22. Qxf7+ Kh8 23. Rad1 Qxe3+ 24. Kh1 Qxg5 25. Rxd7 a5 26. Rd5 Qh4+
27. Kg1 Re1 28. Rdf5 Rxf1+ 29. Rxf1 Qd4+ 30. Qf2 Qd6 31. Qf4 Qe7 32. Qf7 Qe3+
33. Qf2 Qe7 34. Qf7 1/2-1/2

[Event "119th Scottish Championship"]
[Site "Glasgow"]
[Date "2012.07.12"]
[Round "6"]
[White "Rysbaeva, Korlan"]
[Black "Giulian, Philip M"]
[Result "1/2-1/2"]
[WhiteElo "2057"]
[BlackElo "2285"]
[PlyCount "61"]
[EventDate "2012.07.07"]
[EventType "swiss"]
[EventRounds "9"]
[EventCountry "SCO"]
[Source "Chess Scotland"]
[SourceDate "2012.07.24"]

1. e4 Nf6 2. e5 Nd5 3. d4 d6 4. Nf3 g6 5. c4 Nb6 6. exd6 cxd6 7. Be2 Bg7 8. O-O
O-O 9. Bf4 Nc6 10. h3 e5 11. Be3 e4 12. Ne1 d5 13. c5 Nc4 14. Bxc4 dxc4 15. Nc2
Be6 16. Nc3 Bd5 17. Bf4 f5 18. Bd6 Bf7 19. Bxf8 Qxf8 20. f4 Nxd4 21. Nxd4 Qxc5
22. Nce2 Rd8 23. Kh2 Bxd4 24. Nxd4 Rxd4 25. Qc2 Qd6 26. Rad1 Rd3 27. b3 b5 28.
Rxd3 cxd3 29. Qf2 a5 30. g3 a4 31. Rc1 1/2-1/2

[Event "119th Scottish Championship"]
[Site "Glasgow"]
[Date "2012.07.12"]
[Round "6"]
[White "Marks, Ian A"]
[Black "Swan, Iain"]
[Result "0-1"]
[WhiteElo "1914"]
[BlackElo "2259"]
[PlyCount "62"]
[EventDate "2012.07.07"]
[EventType "swiss"]
[EventRounds "9"]
[EventCountry "SCO"]
[Source "Chess Scotland"]
[SourceDate "2012.07.24"]

1. d4 d5 2. c4 Nc6 3. Nc3 dxc4 4. d5 Ne5 5. f4 Ng4 6. e4 e5 7. f5 h5 8. Nf3 Bc5
9. Qa4+ Bd7 10. Qxc4 Bf2+ 11. Ke2 Bb6 12. h3 N4h6 13. Nxe5 Qh4 14. Be3 Bxe3 15.
Kxe3 Nf6 16. Nf3 Qg3 17. Ne2 Qd6 18. Rd1 O-O-O 19. Kd2 Rhe8 20. Nc3 Nxe4+ 21.
Nxe4 Qf4+ 22. Kd3 Rxe4 23. Qc5 b6 24. Qc1 Qxc1 25. Rxc1 Bxf5 26. Kc3 Rxd5 27.
Ba6+ Kd7 28. Rcd1 Rxd1 29. Rxd1+ Ke7 30. Nd4 Bd7 31. Bd3 Re5 0-1

[Event "119th Scottish Championship"]
[Site "Glasgow"]
[Date "2012.07.12"]
[Round "6"]
[White "Brunello, Marina"]
[Black "Will, Douglas"]
[Result "1-0"]
[WhiteElo "2240"]
[BlackElo "1923"]
[PlyCount "68"]
[EventDate "2012.07.07"]
[EventType "swiss"]
[EventRounds "9"]
[EventCountry "SCO"]
[Source "Chess Scotland"]
[SourceDate "2012.07.24"]

1. e4 e5 2. Nf3 Nc6 3. d4 exd4 4. Nxd4 Nf6 5. Nc3 Nxe4 6. Nxe4 Qe7 7. f3 d5 8.
Bb5 Bd7 9. Bxc6 bxc6 10. O-O dxe4 11. Re1 O-O-O 12. Qe2 Qf6 13. Be3 c5 14. Nb3
exf3 15. Qc4 Qg6 16. g3 Qe6 17. Qf1 Bc6 18. Bf2 Qg6 19. Na5 Ba8 20. b4 h5 21.
bxc5 Bxc5 22. Bxc5 h4 23. Qh3+ f5 24. Bf2 hxg3 25. Qxg3 Rxh2 26. Qxg6 Rg2+ 27.
Qxg2 fxg2 28. Bg3 g5 29. Nc4 f4 30. Bh2 Rh8 31. Ne5 f3 32. Bg3 Bb7 33. Kf2 Ba6
34. Re4 Be2 {Scoresheet unreadable} 1-0

[Event "119th Scottish Championship"]
[Site "Glasgow"]
[Date "2012.07.12"]
[Round "6"]
[White "Berry, Neil"]
[Black "Eggink, Gerhard"]
[Result "1-0"]
[WhiteElo "2254"]
[BlackElo "1965"]
[PlyCount "65"]
[EventDate "2012.07.07"]
[EventType "swiss"]
[EventRounds "9"]
[EventCountry "SCO"]
[Source "Chess Scotland"]
[SourceDate "2012.07.24"]

1. d4 d5 2. c4 e6 3. Nf3 Nf6 4. g3 Be7 5. Bg2 O-O 6. O-O dxc4 7. Ne5 c5 8. dxc5
Qc7 9. Nxc4 Bxc5 10. Nba3 e5 11. Bg5 Rd8 12. Qb3 Bxa3 13. Nxa3 Nc6 14. Rac1 Be6
15. Qa4 Qb6 16. Nc4 Bxc4 17. Qxc4 Rd4 18. Qc2 Rd6 19. Be3 Nd4 20. Bxd4 Rxd4 21.
e3 Rd7 22. Rfd1 Rxd1+ 23. Rxd1 h6 24. Rd3 Rb8 25. Rc3 Qa5 26. Rc8+ Rxc8 27.
Qxc8+ Kh7 28. Bxb7 Qxa2 29. Qf5+ Kg8 30. Qxe5 a5 31. Bf3 a4 32. Qc3 Nd5 33.
Qc8+ 1-0

[Event "119th Scottish Championship"]
[Site "Glasgow"]
[Date "2012.07.12"]
[Round "6"]
[White "Bolt, Graham"]
[Black "Lagerman, Robert"]
[Result "0-1"]
[WhiteElo "2071"]
[BlackElo "2315"]
[PlyCount "66"]
[EventDate "2012.07.07"]
[EventType "swiss"]
[EventRounds "9"]
[EventCountry "SCO"]
[Source "Chess Scotland"]
[SourceDate "2012.07.24"]

1. g3 g6 2. Bg2 Bg7 3. d3 c5 4. Nc3 Nc6 5. Nf3 d6 6. O-O e5 7. Rb1 Nge7 8. a3
a5 9. Nb5 O-O 10. a4 d5 11. c3 h6 12. Bd2 Be6 13. Qc2 Qd7 14. Rfd1 f5 15. e3 g5
16. d4 cxd4 17. cxd4 e4 18. Ne1 Rac8 19. Qb3 Ng6 20. f3 f4 21. exf4 gxf4 22.
Bxf4 exf3 23. Nxf3 Nxf4 24. gxf4 Rxf4 25. Rbc1 Rcf8 26. Re1 Kh8 27. Ne5 Bxe5
28. dxe5 Qg7 29. Kh1 Rb4 30. Qc2 Rc4 31. Qd1 Rf2 32. Rg1 Rh4 33. Bh3 Rxh2+ 0-1

[Event "119th Scottish Championship"]
[Site "Glasgow"]
[Date "2012.07.12"]
[Round "6"]
[White "Bannink, Bernard"]
[Black "Grove, Michael"]
[Result "1-0"]
[WhiteElo "2258"]
[BlackElo "1955"]
[PlyCount "113"]
[EventDate "2012.07.07"]
[EventType "swiss"]
[EventRounds "9"]
[EventCountry "SCO"]
[Source "Chess Scotland"]
[SourceDate "2012.07.24"]

1. d4 Nf6 2. Bg5 Ne4 3. Bf4 c5 4. f3 Qa5+ 5. c3 Nf6 6. Nd2 cxd4 7. Nb3 Qb6 8.
Qxd4 Qxd4 9. cxd4 d5 10. e3 Nc6 11. Rc1 e6 12. g4 Bb4+ 13. Kf2 O-O 14. a3 Be7
15. Bd3 Nd7 16. Ne2 e5 17. Bg3 e4 18. fxe4 dxe4 19. Bb1 f5 20. gxf5 Rxf5+ 21.
Kg2 Nf6 22. Nc3 Be6 23. Nd2 Ng4 24. Rhe1 Bg5 25. d5 Nxe3+ 26. Rxe3 Bxe3 27.
dxc6 bxc6 28. Rd1 Rd8 29. Ndxe4 Rxd1 30. Nxd1 Bc1 31. Nec3 Rc5 32. b4 Rg5 33.
a4 h5 34. Ne4 Bd5 35. Ndc3 Kh8 36. Nxd5 Rxd5 37. Kf3 Rd4 38. Bd6 Bb2 39. Bc5
Rd1 40. Bc2 Rc1 41. Bd3 Ba3 42. a5 Rd1 43. Nf2 Rd2 44. a6 Rb2 45. Bxa7 Bxb4 46.
Bb6 Bd6 47. a7 Ra2 48. Kg2 Be5 49. Be4 Bc7 50. Bd4 Be5 51. Bxe5 Rxa7 52. Bxc6
Re7 53. Nd3 Kh7 54. h4 Rf7 55. Be4+ Kh6 56. Bd4 g6 57. Be3+ 1-0

[Event "119th Scottish Championship"]
[Site "Glasgow"]
[Date "2012.07.12"]
[Round "6"]
[White "Brown, Martin"]
[Black "Doyle, James"]
[Result "1-0"]
[WhiteElo "2224"]
[BlackElo "2020"]
[PlyCount "43"]
[EventDate "2012.07.07"]
[EventType "swiss"]
[EventRounds "9"]
[EventCountry "SCO"]
[Source "Chess Scotland"]
[SourceDate "2012.07.24"]

1. e4 c6 2. d4 d5 3. Nc3 dxe4 4. Nxe4 Nf6 5. Nxf6+ gxf6 6. c3 Bf5 7. Nf3 e6 8.
g3 Nd7 9. Bg2 Be4 10. O-O c5 11. Re1 f5 12. Ng5 Qf6 13. Nxe4 fxe4 14. Bxe4
O-O-O 15. Qa4 a6 16. Qb3 b5 17. a4 cxd4 18. axb5 dxc3 19. bxa6 Nc5 20. Qb5 e5
21. a7 Kc7 22. Bg5 1-0

[Event "119th Scottish Championship"]
[Site "Glasgow"]
[Date "2012.07.12"]
[Round "6"]
[White "Quinn, David"]
[Black "Bea, Boglarka"]
[Result "1/2-1/2"]
[WhiteElo "1969"]
[BlackElo "2178"]
[PlyCount "51"]
[EventDate "2012.07.07"]
[EventType "swiss"]
[EventRounds "9"]
[EventCountry "SCO"]
[Source "Chess Scotland"]
[SourceDate "2012.07.24"]

1. d4 Nf6 2. c4 g6 3. Nc3 d5 4. cxd5 Nxd5 5. e4 Nxc3 6. bxc3 Bg7 7. Bc4 c5 8.
Ne2 Nc6 9. Be3 O-O 10. O-O Qc7 11. Rc1 Rd8 12. Qd2 a6 13. Bh6 b5 14. Bxg7 Kxg7
15. Bd5 e6 16. Bxc6 Qxc6 17. Qg5 Bb7 18. Nf4 h6 19. Nh5+ Kh7 20. Nf6+ Kg7 21.
Qe5 c4 22. Rfe1 Kf8 23. d5 Qd6 24. Nh7+ Kg8 25. Nf6+ Kf8 26. Nh7+ 1/2-1/2